LEADER 00746nam0 2200241 450 001 000022231 005 20090129123338.0 100 $a20090129d1964----km-y0itay50------ba 101 0 $aita 102 $aIT 105 $ay---e---001yy 200 1 $aTerminologia aeronautica 210 $aRoma$cVisigalli-Pasetti arti grafiche$d1964 215 $aXIII, 1386 p.$d24 cm 500 10$aTerminologia aeronautica$947182 610 1 $aAeronautica$aTerminologia$aDizionari poliglotti 676 $a413$v21$9Dizionari 710 02$aRegistro aeronautico italiano$0332970 801 0$aIT$bUNIPARTHENOPE$c20090129$gRICA$2UNIMARC 912 $a000022231 951 $aS 413/8$bS A, 675$cDSA$d2009 996 $aTerminologia aeronautica$947182 997 $aUNIPARTHENOPE LEADER 02781nam 2200577 450 001 9910819087703321 005 20170821172544.0 010 $a1-4704-0753-1 035 $a(CKB)3360000000464523 035 $a(EBL)3113825 035 $a(SSID)ssj0000973230 035 $a(PQKBManifestationID)11602787 035 $a(PQKBTitleCode)TC0000973230 035 $a(PQKBWorkID)10959564 035 $a(PQKB)10348407 035 $a(MiAaPQ)EBC3113825 035 $a(RPAM)498995 035 $a(PPN)195412222 035 $a(EXLCZ)993360000000464523 100 $a20140904h19861986 uy 0 101 0 $aeng 135 $aur|n|---||||| 181 $ctxt 182 $cc 183 $acr 200 10$aImplication in Morava K-theory /$fRichard M. Kane 210 1$aProvidence, Rhode Island :$cAmerican Mathematical Society,$d1986. 210 4$d©1986 215 $a1 online resource (118 p.) 225 1 $aMemoirs of the American Mathematical Society,$x0065-9266 ;$vVolume 59, Number 340 300 $aDescription based upon print version of record. 311 $a0-8218-2342-6 320 $aIncludes bibliographical references. 327 $a""Table of Contents""; ""Introduction""; ""Chapter I: Hopf Algebras""; ""1. Primitives and Indecomposables""; ""2. The Steenrod Algebra and Eilenberg-MacLane Spaces""; ""3. The Homology and Cohomology of Finite H-Spaces""; ""Chapter II: Morava K-Theory""; ""4. The Module Tor(n)""; ""5. Implications in k(n) Theory""; ""6. Simple Systems for B[sub(r)]""; ""Chapter III: The Primitive Case of the Main Theorem""; ""7. The Primitive Case of the Main Theorem""; ""8. The Hopf Algebra I??""; ""9. The Extended Induction Hypothesis""; ""10. Proof of Proposition 7.9""; ""Chapter IV: The Space X"" 327 $a""11. The Space X""""12. The Eilenberg-Moore Spectral Sequence for X""; ""13. The Map h*""; ""14. The Hopf Algebra I?©""; ""15. The Hopf Algebra H*X//I??""; ""16. The Action of A(2) on QH*X""; ""Chapter V: The General Case of the Main Theorem""; ""17. The General Case of the Main Theorem""; ""18. Proof of Lemma 17.11""; ""19. Proof of Lemma 17.12""; ""Chapter VI: Footnotes""; ""20. The Case p odd""; ""21. The Case AdE[sub(7)]""; ""References"" 410 0$aMemoirs of the American Mathematical Society ;$vVolume 59, Number 340. 606 $aK-theory 606 $aSteenrod algebra 606 $aSpectral sequences (Mathematics) 615 0$aK-theory. 615 0$aSteenrod algebra. 615 0$aSpectral sequences (Mathematics) 676 $a510 s 700 $aKane$b Richard M.$f1944-$055375 801 0$bMiAaPQ 801 1$bMiAaPQ 801 2$bMiAaPQ 906 $aBOOK 912 $a9910819087703321 996 $aImplication in Morava K-theory$94108394 997 $aUNINA